| 000 | 00395nam a2200145 i 4500 | ||
|---|---|---|---|
| 001 | bg | ||
| 100 | 1 | _aBELJAEV, A. I. | |
| 245 | 0 |
_aFiziko-chimičeskie osnowy očistki metallov i poluprovodnikovych materialov / _cA.I. Beljaev. |
|
| 260 |
_aMoskva, _c1973. |
||
| 040 | _cBPK | ||
| 041 | _apol | ||
| 080 | _a669.01+621.38:537.311.33 | ||
| 942 | _cKS | ||
| 008 | s pl f |000 0 pol | ||
| 999 |
_c26202 _d26202 |
||
| 856 |
_uhttp://koha.tu.koszalin.pl/cgi-bin/koha/opac-detail.pl?biblionumber=26202 _yKatalog online BPK |
||